[Event "Challenge"]
[Site "http://www.queenalice.com/game.php?id=716694"]
[Date "2010.1.19"]
[Round "-"]
[White "shogun"]
[Black "lfcpol"]
[Result "1-0"]
[WhiteElo "2647"]
[BlackElo "2102"]

1. e4 e5 2. Nf3 Nc6 3. Bb5 a6 4. Ba4 d6 5. c3 Bd7 6. O-O g6 7. d4 Bg7 8. Re1
Nge7 9. Be3 O-O 10. dxe5 dxe5 11. Bc5 Re8 12. Nbd2 b6 13. Ba3 Na7 14. Bxd7 Qxd7
15. Nc4 Qe6 16. Qe2 h6 17. Bxe7 Rxe7 18. Red1 Ree8 19. Ne3 Nc6 20. h4 Bf8 21.
Nd5 Bd6 22. Qd2 Kg7 23. Nxb6 cxb6 24. Qxd6 Rad8 25. Qxe6 Rxe6 26. Rd5 Kf6 27.
Rad1 Ke7 28. g4 f6 29. h5 g5 30. Nd2 Na5 31. Rxd8 Kxd8 32. Nc4+ Kc7 33. Nxa5
bxa5 34. Rd5 a4 35. Ra5 Kb6 36. Rxa4 Re8 37. Rb4+ Kc6 38. a4 Rd8 39. a5 Kc5 40.
Rb6 1-0

[Event "Challenge"]
[Site "http://www.queenalice.com/game.php?id=752863"]
[Date "2010.3.28"]
[Round "-"]
[White "Gil"]
[Black "lfcpol"]
[Result "0-1"]
[WhiteElo "1062"]
[BlackElo "2104"]

1. d4 d5 2. Nf3 Nc6 3. e3 Bg4 4. h3 Bh5 5. g4 Bg6 6. c4 e6 7. Bg2 Nb4 8. O-O Nc2
9. cxd5 exd5 10. Nc3 Nxa1 11. Ne5 c6 12. Nxg6 hxg6 13. Bd2 Bd6 14. Qxa1 Nf6 0-1

[Event "Challenge"]
[Site "http://www.queenalice.com/game.php?id=752864"]
[Date "2010.3.28"]
[Round "-"]
[White "Gil"]
[Black "lfcpol"]
[Result "0-1"]
[WhiteElo "1649"]
[BlackElo "2101"]

1. d4 c5 2. Nf3 cxd4 3. Nxd4 d5 4. Nc3 e5 5. Nf3 d4 6. Ne4 Nc6 7. e3 Bg4 8. h3
Bh5 9. g4 Bg6 10. Bd3 Qd5 11. Ned2 dxe3 12. Bxg6 exd2+ 0-1

[Event "Challenge"]
[Site "http://www.queenalice.com/game.php?id=752865"]
[Date "2010.3.28"]
[Round "-"]
[White "lfcpol"]
[Black "Gil"]
[Result "1-0"]
[WhiteElo "2103"]
[BlackElo "1064"]

1. e4 e5 2. Nf3 Nc6 3. Nc3 Nf6 4. Nxe5 Nxe5 5. d4 Nc6 6. d5 Ne5 7. f4 Neg4 8. e5
Nf2 9. Kxf2 Bc5+ 10. Be3 Bxe3+ 11. Kxe3 Ng8 12. Bd3 d6 13. Re1 Nh6 14. Kf2 1-0

[Event "Challenge"]
[Site "http://www.queenalice.com/game.php?id=752866"]
[Date "2010.3.28"]
[Round "-"]
[White "lfcpol"]
[Black "Gil"]
[Result "1-0"]
[WhiteElo "2102"]
[BlackElo "1647"]

1. d4 d5 2. c4 Nf6 3. cxd5 Nxd5 4. Nf3 Nc6 5. e4 Nb6 6. d5 Nb4 7. a3 Na6 8. Bg5
f6 9. Nc3 fxg5 10. Bb5+ Bd7 11. Ne5 Bxb5 12. Nxb5 Nc5 13. Qf3 1-0

[Event "AUTO-MASTER-1109"]
[Site "http://www.queenalice.com/game.php?id=770220"]
[Date "2010.5.3"]
[Round "1"]
[White "Erychess"]
[Black "lfcpol"]
[Result "0-1"]
[WhiteElo "1908"]
[BlackElo "2155"]

1. e4 e5 2. Nc3 Nc6 3. Bb5 Nf6 4. Bxc6 bxc6 5. Nf3 d6 6. d4 exd4 7. Nxd4 c5 8.
Nf3 Ba6 9. Bg5 Be7 10. Qd2 O-O 11. Rb1 Re8 12. Bxf6 Bxf6 13. Qe3 Rb8 14. b3
Bxc3+ 15. Qxc3 Rxe4+ 16. Kd1 Qe7 17. Re1 Re8 18. Rxe4 Qxe4 19. Kc1 Qb4 20. Qxb4
cxb4 21. Kb2 Re2 22. Re1 Kf8 23. Rxe2 Bxe2 24. Nd4 Bf1 25. g3 c5 26. Nf5 Ba6 27.
Nxd6 Ke7 28. Nf5+ Kf6 29. Ne3 Ke5 30. a3 Ke4 31. axb4 cxb4 32. c3 bxc3+ 33. Kxc3
Kf3 34. Nf5 g6 35. Nh6 f5 36. Kb4 Kxf2 37. Kc5 Kg2 38. Kd4 Kxh2 39. g4 f4 40. g5
Kg3 41. b4 f3 0-1

[Event "AUTO-MASTER-1109"]
[Site "http://www.queenalice.com/game.php?id=770221"]
[Date "2010.5.3"]
[Round "1"]
[White "lfcpol"]
[Black "Erychess"]
[Result "1-0"]
[WhiteElo "2087"]
[BlackElo "1871"]

1. e4 e5 2. Nf3 Nc6 3. Nc3 Nf6 4. Nxe5 Nxe5 5. d4 Nc6 6. d5 Ne5 7. f4 Ng6 8. e5
Ng8 9. d6 cxd6 10. exd6 Qf6 11. Nb5 Kd8 12. Be3 Nxf4 13. Qd2 a6 14. Bb6+ 1-0

[Event "AUTO-MASTER-1109"]
[Site "http://www.queenalice.com/game.php?id=770232"]
[Date "2010.5.3"]
[Round "1"]
[White "BEBADO"]
[Black "lfcpol"]
[Result "1-0"]
[WhiteElo "2182"]
[BlackElo "2160"]

1. e4 g6 2. d4 Bg7 3. Nc3 d6 4. g3 Nf6 5. Bg2 O-O 6. Nge2 Nbd7 7. O-O e5 8. h3
c6 9. Be3 Re8 10. d5 c5 11. f4 Rb8 12. f5 b5 13. g4 b4 14. Nb1 h5 15. g5 Nh7 16.
f6 Bh8 17. c4 bxc3 18. bxc3 Ba6 19. Rf2 Rb2 20. Ng3 Qb6 21. Nd2 Rb8 22. Nxh5
gxh5 23. Qxh5 Ndf8 24. Re1 Qa5 25. Bf1 Bxf1 26. Nxf1 Rxf2 27. Bxf2 Qxa2 28. Ng3
Ng6 29. Nf5 Rb7 30. Nh6+ Kf8 31. Nxf7 Rxf7 32. Qxg6 Bxf6 33. gxf6 Rxf6 34. Qg2
Ng5 35. Rf1 Nf3+ 36. Kh1 Qc2 37. Qg4 Ke7 38. Qg7+ Ke8 39. Qxf6 Qxe4 40. Qe6+ Kd8
41. Qxd6+ Ke8 42. Qe6+ Kd8 43. Qg4 Qxd5 44. c4 Qc6 45. Qg8+ Kc7 46. Qd5 1-0

[Event "AUTO-MASTER-1109"]
[Site "http://www.queenalice.com/game.php?id=770233"]
[Date "2010.5.3"]
[Round "1"]
[White "lfcpol"]
[Black "BEBADO"]
[Result "0-1"]
[WhiteElo "2150"]
[BlackElo "2188"]

1. e4 c5 2. Nf3 d6 3. d4 cxd4 4. Nxd4 Nf6 5. Nc3 a6 6. f4 Nbd7 7. Bd3 e6 8. Be3
Qc7 9. Qf3 b5 10. g4 b4 11. Nce2 d5 12. e5 Ne4 13. O-O-O Ndc5 14. Ng3 Bb7 15.
Kb1 Rc8 16. Rhe1 Be7 17. Bg1 O-O 18. Bxe4 Nxe4 19. Nxe4 dxe4 20. Qg3 Bd5 21. f5
Bc5 22. Rd2 Rfd8 23. Red1 Qa5 24. b3 Qb6 25. f6 g6 26. Qh4 Qc7 27. Re1 Qxe5 28.
Nf3 Qf4 29. Bxc5 Rxc5 30. Ng5 h5 31. Nxe4 Rcc8 32. Qg3 Qxg3 33. hxg3 Bxe4 34.
Rxd8+ Rxd8 35. Rxe4 a5 36. gxh5 gxh5 37. Re5 Rd5 38. Re4 Kh7 39. g4 h4 40. g5
Kg6 41. Rxh4 Kxg5 42. Rc4 Kxf6 43. c3 bxc3 44. Rxc3 Ke5 45. Rc4 f5 46. b4 axb4
47. Rxb4 Rd4 48. Rb5+ Ke4 49. Kc2 f4 50. Rh5 e5 51. Kc3 Rd8 52. Rh4 Rc8+ 53. Kd2
Ra8 54. Rh5 Rxa2+ 55. Ke1 f3 56. Kf1 Kf4 57. Ke1 e4 58. Rh8 Ke3 59. Kd1 Ra1+ 0-1

[Event "AUTO-MASTER-1109"]
[Site "http://www.queenalice.com/game.php?id=770238"]
[Date "2010.5.3"]
[Round "1"]
[White "capaputi"]
[Black "lfcpol"]
[Result "1-0"]
[WhiteElo "2197"]
[BlackElo "2163"]

1. Nf3 Nc6 2. d4 d5 3. c4 Bg4 4. e3 e5 5. cxd5 Qxd5 6. Be2 exd4 7. Nc3 Bb4 8.
O-O Bxc3 9. bxc3 d3 10. Qxd3 Bxf3 11. gxf3 Nf6 12. Qxd5 Nxd5 13. Bb2 O-O 14.
Rfd1 Rad8 15. c4 Nb6 16. f4 Rxd1+ 17. Rxd1 Rd8 18. Rxd8+ Nxd8 19. Be5 c6 20. Bb8
Na4 21. Bxa7 Nc3 22. Bg4 Nxa2 23. Bb6 Ne6 24. f5 Ng5 25. f6 Ne6 26. fxg7 Kxg7
27. f4 Nc1 28. Kf2 Nb3 29. Ke2 Kf6 30. Kd3 Nbc5+ 31. Bxc5 Nxc5+ 32. Kd4 Nb3+ 33.
Kc3 Nc5 34. Kb4 Ne4 35. c5 Nf2 36. Bc8 Ke7 37. Bxb7 Kd7 38. Ba6 Ng4 39. e4 Nxh2
40. Be2 Ke6 41. Kc4 f5 42. Kd4 Ng4 43. exf5+ Kxf5 44. Bxg4+ Kxg4 45. Ke5 h5 46.
f5 h4 47. f6 h3 48. f7 h2 49. f8=Q h1=Q 50. Qf5+ Kg3 51. Qf4+ Kh3 52. Qh6+ 1-0

[Event "AUTO-MASTER-1109"]
[Site "http://www.queenalice.com/game.php?id=770239"]
[Date "2010.5.3"]
[Round "1"]
[White "lfcpol"]
[Black "capaputi"]
[Result "1/2-1/2"]
[WhiteElo "2152"]
[BlackElo "2260"]

1. d4 Nf6 2. c4 e6 3. Nf3 b6 4. Bg5 Bb7 5. Nc3 Bb4 6. Qb3 Bxc3+ 7. Qxc3 d6 8.
Rd1 Nbd7 9. g3 h6 10. Bxf6 Nxf6 11. Bg2 O-O 12. O-O Qe7 13. Nh4 Bxg2 14. Nxg2
Rfd8 15. Rfe1 d5 16. f3 c5 17. cxd5 Nxd5 18. Qb3 cxd4 19. Rxd4 Rac8 20. Red1 Nf6
21. Rxd8+ Rxd8 22. Rxd8+ Qxd8 23. Qd3 Qxd3 24. exd3 Nd5 25. a3 e5 26. Kf2 f6 27.
Ne3 Ne7 28. Nc2 Kf7 29. d4 Ke6 30. dxe5 Kxe5 31. Ke3 Nf5+ 32. Kd3 g5 33. Ne3
Nxe3 34. Kxe3 b5 35. b3 h5 36. b4 Kd5 37. Kd3 f5 38. h3 g4 39. hxg4 hxg4 40.
fxg4 fxg4 41. Ke3 Kc4 42. Kf4 Kb3 43. Kxg4 Kxa3 44. Kf4 Kxb4 45. g4 Ka3 46. g5
b4 47. g6 b3 48. g7 b2 49. g8=Q b1=Q 50. Qa8 Qb4+ 51. Ke3 a5 52. Kd3 a4 53. Qc8
Qb3+ 54. Kd2 Qd5+ 55. Kc1 Qh1+ 56. Kc2 Qg2+ 57. Kc1 Qb2+ 58. Kd1 Ka2 59. Qc4+
Qb3+ 60. Qc2+ Ka1 61. Kd2 Qb2 62. Kd1 Qd4+ 63. Kc1 Qe3+ 64. Kd1 a3 65. Qc1+
Qxc1+ 1/2-1/2

[Event "AUTO-OPEN-1527"]
[Site "http://www.queenalice.com/game.php?id=796316"]
[Date "2010.6.28"]
[Round "3"]
[White "lfcpol"]
[Black "Malvada"]
[Result "0-1"]
[WhiteElo "2096"]
[BlackElo "2271"]

1. e4 c6 2. d4 d5 3. e5 Bf5 4. h4 h5 5. Bg5 f6 6. Bd3 Bxd3 7. Qxd3 fxg5 8. Qg6+
Kd7 9. e6+ Kc8 10. hxg5 Qb6 11. Nf3 Qxb2 12. O-O Kc7 13. Qe8 Nf6 14. gxf6 gxf6
15. Nbd2 Qxc2 16. Nh4 Qxd2 17. Ng6 Qh6 18. Nxe7 Bxe7 19. Qxe7+ Kc8 20. Rab1 b6
21. Rfe1 Qf8 22. Qxf8+ Rxf8 23. e7 Re8 24. Re6 Kd7 25. Rxf6 Rxe7 26. Rh6 Na6 27.
Rxh5 Nc7 28. g4 Rf8 29. Kg2 Re2 0-1

[Event "AUTO-OPEN-1527"]
[Site "http://www.queenalice.com/game.php?id=796317"]
[Date "2010.6.28"]
[Round "3"]
[White "Malvada"]
[Black "lfcpol"]
[Result "1-0"]
[WhiteElo "2264"]
[BlackElo "2104"]

1. c4 e5 2. Nf3 e4 3. Nd4 c5 4. Nc2 f5 5. e3 Nf6 6. d4 Nc6 7. d5 Ne5 8. b3 Bd6
9. Bb2 O-O 10. Nc3 a6 11. Be2 Nfg4 12. h3 Qh4 13. g3 Qh6 14. Kf1 b6 15. Na4 Rb8
16. Kg2 Nf6 17. Ne1 g5 18. Bc1 b5 19. cxb5 axb5 20. Nc3 Ba6 21. a4 b4 22. Nb5
Bxb5 23. Bxb5 Ng6 24. Ra2 f4 25. exf4 gxf4 26. Kf1 e3 27. Kg2 Ne4 28. Bxd7 1-0

[Event "AUTO-MASTER-1214"]
[Site "http://www.queenalice.com/game.php?id=828643"]
[Date "2010.9.6"]
[Round "1"]
[White "Capivara"]
[Black "lfcpol"]
[Result "1-0"]
[WhiteElo "2267"]
[BlackElo "2144"]

1. e4 c5 2. Nf3 Nf6 3. Nc3 Nc6 4. Bc4 g6 5. d3 Bg7 6. O-O O-O 7. Bg5 a6 8. a4 d6
9. Qd2 Bd7 10. h3 Nd4 11. Nxd4 cxd4 12. Ne2 b5 13. axb5 axb5 14. Rxa8 Qxa8 15.
Bb3 e5 16. f4 Qc6 17. Bh4 Rc8 18. Qe1 Be8 19. Qf2 Nd7 20. fxe5 dxe5 21. Bxf7+
Bxf7 22. Qxf7+ Kh8 23. c3 dxc3 24. bxc3 Nc5 25. Bf6 Bxf6 26. Rxf6 Qc7 27. Qd5
Kg7 28. Rd6 Qe7 29. d4 1-0

[Event "AUTO-MASTER-1214"]
[Site "http://www.queenalice.com/game.php?id=828644"]
[Date "2010.9.6"]
[Round "1"]
[White "lfcpol"]
[Black "Capivara"]
[Result "0-1"]
[WhiteElo "2136"]
[BlackElo "2275"]

1. e4 e5 2. Nf3 Nc6 3. Nc3 Nf6 4. Nxe5 Nxe5 5. d4 Ng6 6. e5 Ng8 7. Bc4 Bb4 8.
Qf3 Bxc3+ 9. bxc3 Qe7 10. h4 f6 11. h5 Nf8 12. O-O fxe5 13. Re1 Ne6 14. Rxe5 c6
15. Qg3 Nf6 16. f4 O-O 17. f5 d5 18. Bd3 Nxh5 19. Qh3 Nhf4 20. Bxf4 Nxf4 21. Qg4
Qa3 22. Qxf4 Bd7 23. Rae1 Rf7 24. Qh4 Raf8 0-1

[Event "AUTO-MASTER-1214"]
[Site "http://www.queenalice.com/game.php?id=828661"]
[Date "2010.9.6"]
[Round "1"]
[White "lfcpol"]
[Black "RobertD"]
[Result "1-0"]
[WhiteElo "2129"]
[BlackElo "1881"]

1. d4 d5 2. c4 dxc4 3. e4 Nc6 4. Nf3 Bg4 5. Bxc4 e6 6. Be3 Bb4+ 7. Nc3 Nf6 8.
Qd3 a6 9. Nd2 Ne5 10. dxe5 Qxd3 11. Bxd3 Nd7 12. f3 Bh5 13. g4 Bg6 14. f4 O-O-O
15. Bc2 f6 16. f5 exf5 17. exf5 Bf7 18. e6 Bxe6 19. fxe6 Ne5 20. O-O-O Rhe8 21.
Rhe1 g6 22. Nde4 Rxe6 23. Rxd8+ Kxd8 24. Nxf6 Nc4 25. Nfd5 Bxc3 26. Bg5+ Kd7 27.
Rxe6 Bxb2+ 28. Kb1 Kxe6 29. Nf4+ Ke5 30. Nd3+ 1-0

[Event "AUTO-MASTER-1214"]
[Site "http://www.queenalice.com/game.php?id=828662"]
[Date "2010.9.6"]
[Round "1"]
[White "RobertD"]
[Black "lfcpol"]
[Result "0-1"]
[WhiteElo "1921"]
[BlackElo "2139"]

1. d4 e6 2. c4 f5 3. Nf3 Nf6 4. Bg5 Be7 5. e3 b6 6. Be2 Bb7 7. O-O O-O 8. Nc3
Ne4 9. Bxe7 Qxe7 10. Ne5 d6 11. Nd3 Nd7 12. f3 Nxc3 13. bxc3 c5 14. Qb3 Rf6 15.
Nf4 g5 16. Nh5 Rh6 17. g4 Nf6 18. Nxf6+ Rxf6 19. Qc2 Raf8 20. gxf5 Rxf5 21. Rf2
Bxf3 22. Bd3 Be4 23. Rxf5 exf5 24. Bxe4 Qxe4 25. Qxe4 fxe4 26. Rf1 Rxf1+ 27.
Kxf1 Kf7 28. Kf2 Kf6 29. Kg3 Kf5 30. h3 h5 31. a3 h4+ 32. Kg2 Ke6 33. a4 Kd7 34.
Kf2 Kc6 35. d5+ Kb7 36. Ke2 Ka6 0-1

[Event "AUTO-MASTER-1214"]
[Site "http://www.queenalice.com/game.php?id=828663"]
[Date "2010.9.6"]
[Round "1"]
[White "lfcpol"]
[Black "Bernhardur"]
[Result "0-1"]
[WhiteElo "2136"]
[BlackElo "2292"]

1. d4 f5 2. g4 fxg4 3. h3 d5 4. Qd3 Nf6 5. Nc3 Nc6 6. Bf4 Nb4 7. Qd2 c5 8. hxg4
cxd4 9. Nb5 Nxc2+ 10. Qxc2 Qa5+ 11. Qd2 Qxb5 12. g5 e5 13. a3 Ne4 14. Qd3 Qxb2
15. Rb1 Qc3+ 16. Bd2 Nxd2 17. Qxd2 Bf5 18. Rxb7 Rc8 19. e4 Qa1+ 20. Ke2 dxe4 21.
f4 exf4 0-1

[Event "AUTO-MASTER-1214"]
[Site "http://www.queenalice.com/game.php?id=828664"]
[Date "2010.9.6"]
[Round "1"]
[White "Bernhardur"]
[Black "lfcpol"]
[Result "1/2-1/2"]
[WhiteElo "2333"]
[BlackElo "2144"]

1. d4 d6 2. c4 e5 3. dxe5 dxe5 4. Qxd8+ Kxd8 5. e4 Be6 6. Nf3 f6 7. Nc3 c6 8. b3
Nd7 9. Be2 Kc7 10. O-O g5 11. Rd1 h5 12. Be3 h4 13. h3 Nh6 14. Kh2 g4 15. Nxh4
Bb4 16. Rac1 gxh3 17. Nd5+ Bxd5 18. cxd5 hxg2 19. dxc6 bxc6 20. Kxg2 Rag8+ 21.
Kh3 Nf7 22. Bg4 Nf8 23. Kg3 Nd6 24. f3 Ng6 25. Nxg6 Rxg6 26. Rh1 Rxh1 27. Rxh1
c5 28. Rh7+ Kb6 29. Kh4 a5 30. Kh5 Rg8 31. Rh6 Rf8 32. Kg6 1/2-1/2

[Event "AUTO-MASTER-964"]
[Site "http://www.queenalice.com/game.php?id=839384"]
[Date "2010.9.29"]
[Round "2"]
[White "lfcpol"]
[Black "mad_knight"]
[Result "0-1"]
[WhiteElo "2117"]
[BlackElo "2177"]

1. e4 e5 2. Nf3 Nf6 3. Nc3 Nc6 4. Nxe5 Nxe5 5. d4 Nc6 6. d5 Ne5 7. f4 Bd6 8.
fxe5 Bxe5 9. Qf3 O-O 10. Bd3 d6 11. O-O Ng4 12. Bf4 Bd4+ 13. Kh1 Qe7 14. Rae1
Bd7 15. Nd1 Ne5 16. Bxe5 Bxe5 0-1

[Event "AUTO-MASTER-964"]
[Site "http://www.queenalice.com/game.php?id=839385"]
[Date "2010.9.29"]
[Round "2"]
[White "mad_knight"]
[Black "lfcpol"]
[Result "1-0"]
[WhiteElo "2166"]
[BlackElo "2128"]

1. e4 c5 2. c3 d5 3. exd5 Qxd5 4. d4 e5 5. dxe5 Qxd1+ 6. Kxd1 Nc6 7. Nf3 Bg4 8.
Kc2 O-O-O 9. Nbd2 Bf5+ 10. Kb3 f6 11. Nc4 b5 12. Nd6+ Bxd6 13. exd6 c4+ 14. Ka3
Rxd6 15. b3 1-0

[Event "AUTO-MASTER-964"]
[Site "http://www.queenalice.com/game.php?id=839387"]
[Date "2010.9.29"]
[Round "2"]
[White "kasparinov"]
[Black "lfcpol"]
[Result "1/2-1/2"]
[WhiteElo "2010"]
[BlackElo "2107"]

1. e4 g6 2. d4 Bg7 3. Bc4 a6 4. Nf3 b5 5. Bb3 Bb7 6. Nbd2 d6 7. O-O Nd7 8. c3 c5
9. dxc5 Nxc5 10. Bc2 Nf6 11. Re1 O-O 12. e5 Nd5 13. Nb3 Nxb3 14. Bxb3 dxe5 15.
Nxe5 Qd6 16. Nf3 Rfe8 17. Bg5 Rad8 18. Qd2 Nf6 19. Qe2 Ne4 20. Rad1 Qc5 21. Be3
Qc7 22. Nd2 Nxd2 23. Rxd2 Rxd2 24. Bxd2 Qc6 25. f3 e5 26. Be3 e4 27. fxe4 Qxe4
28. Qf2 Qe7 29. Kf1 Qf6 30. Qxf6 Bxf6 31. Bf2 Rxe1+ 32. Bxe1 1/2-1/2